00461nam a22001457a 450000500170000000800410001702000180005804000230007605000160009924500780011526000500019330000250024365000200026865000270028820230731102017.0230731b |||||||| |||| 00| 0 eng d a9780713682571 aKMUcKMUdKMUerda aPN 4121 Giv aGive great presentations :bHow to speak confidently and make your point  aLondon :bA & C Black Publishers Ltd,cc2006. avi, 90 p. :c17 cm.  aPublic speaking aBusiness presentations